KOHA-Header-6

Database Systems (Record no. 6359)

000 -LEADER
fixed length control field 00258nam a2200109Ia 4500
100 ## - MAIN ENTRY--AUTHOR NAME
Personal name Catherine Ricardo
245 #0 - TITLE STATEMENT
Title Database Systems
260 ## - PUBLICATION, DISTRIBUTION, ETC. (IMPRINT)
Place of publication New York
Name of publisher Viva Books
Year of publication 2000
300 ## - PHYSICAL DESCRIPTION
Number of Pages 576
942 ## - ADDED ENTRY ELEMENTS (KOHA)
Koha item type Books
Holdings
Withdrawn status Lost status Collection code Permanent Location Current Location Shelving location Date acquired Full call number Accession Number Koha item type
    Database Systems MAJU MAJU Shelf No.B19 2019-09-07 005.81 3934 Management

Powered by Koha